| Поле | Инд. | ПП | Название | Значение |
|---|---|---|---|---|
| Тип записи | a | |||
| Библиографический уровень | b | |||
| 001 | Контрольный номер | RU/IS/BASE/420551980 | ||
| 005 | Дата корректировки | 20260224150253.3 | ||
| 008 | Кодируемые данные | 20130429 | ||
| 084 | a | Индекс другой классификации/Индекс ББК | 60.82; 39.8(2-2Мос) | |
| 100 | 1_ | a | Автор | Нехайчик О. В. |
| q | Полное имя | Нехайчик Ольга Вадимовна | ||
| 100 | 1_ | a | Автор | Шевырова Н. И. |
| q | Полное имя | Шевырова Наталья Ивановна | ||
| 245 | 10 | a | Заглавие | Анализ дорожно-транспортной инфраструктуры московского мегаполиса: от теории к практике |
| 500 | a | Примечание | Аннотация статьи на английском языке: с. 217 | |
| 504 | a | Библиография | Лит. в конце статьи | |
| 520 | 0_ | a | Аннотация | Исследуются проблемы дорожно-транспортной инфраструктуры города Москвы. Рассматриваются аналитические модели функционирования крупных городов, и с их помощью исследуются транспортные проблемы Москвы. Представлена модель, описывающая причинно-следственные связи между различными проблемами дорожно-транспортной инфраструктуры города. Определяются приоритеты развития транспортной инфраструктуры, а также действия, направленные на улучшение ситуации в городе в ближайшем будущем и в долгосрочной перспективе. |
| 650 | 04 | a | Основная рубрика | городской транспорт |
| a | Основная рубрика | социальное управление | ||
| a | Основная рубрика | транспорт | ||
| a | Основная рубрика | управленческая деятельность | ||
| 653 | 0_ | a | Ключевые слова | города |
| a | Ключевые слова | дорожно-транспортная инфраструктура | ||
| a | Ключевые слова | маятниковая миграция | ||
| a | Ключевые слова | мегаполисы | ||
| a | Ключевые слова | миграционные потоки | ||
| a | Ключевые слова | миграция населения | ||
| a | Ключевые слова | модели мегаполисов | ||
| a | Ключевые слова | моноцентричная модель города | ||
| a | Ключевые слова | Москва | ||
| a | Ключевые слова | полицентричная модель города | ||
| a | Ключевые слова | промышленные постройки | ||
| a | Ключевые слова | Россия | ||
| a | Ключевые слова | транспортные проблемы | ||
| a | Ключевые слова | управление городом | ||
| a | Ключевые слова | управление транспортом | ||
| 773 | 18 | t | Заглавие источника | Вопросы государственного и муниципального управления |
| d | Дата издания источника | 2012 | ||
| g | Прочая информация | № 2. - С. 202 - 213 : рис., диагр., к | ||
| w | Контрольный № источника | RU/IS/BASE/396980278 | ||
| 901 | t | Тип документа | b |